Normal view
MARC view
- قوانيين -- القانون الجنائي الدولي -- القانون الإنساني الدولي
Entry Topical Term
001 - CONTROL NUMBER
- control field: 32498
003 - CONTROL NUMBER IDENTIFIER
- control field: JO-AjAnu
005 - DATE AND TIME OF LATEST TRANSACTION
- control field: 20230606075448.0
008 - FIXED-LENGTH DATA ELEMENTS
- fixed length control field: 230606|| aca||aabn | a|a d
040 ## - CATALOGING SOURCE
- Original cataloging agency: JO-AjAnu
- Transcribing agency: JO-AjAnu
150 ## - HEADING--TOPICAL TERM
- Topical term or geographic name entry element: قوانيين -- القانون الجنائي الدولي -- القانون الإنساني الدولي
670 ## - SOURCE DATA FOUND
- Source citation: Work cat.: (JO-AjAnu)16694: بسيوني ، محمود شريف , author 32497, مدخل لدراسة القانون الجنائي الدولي : ماهيته ، نطاقة ، تطبيقه ، حاضرة ، مستقبله